00241nam a2200085Ia 4500008004100000100002800041245003600069260004200105300000800147201210s9999 xx 000 0 und d aHarvard Business Review 0aManagement Information Part II. aBostonbHarvard Business School Press a184